Antropología trascendental

Guardat en:
Dades bibliogràfiques
Autor principal: Polo, Leonardo (Autor)
Format: Llibre
Idioma:espanyol
Publicat: Pamplona Eunsa 1999
Col·lecció:Colección Filosófica, 114
Matèries:
Etiquetes: Afegir etiqueta
Sense etiquetes, Sigues el primer a etiquetar aquest registre!

MARC

LEADER 00000nam a2200000 a 4500
001 UCM5726
003 CL-VaPUC
008 021018e19990000sp |||||||||||||||||spa|d
082 0 4 |a 128  |b POL  |2 21 
100 0 |a Polo, Leonardo  |e author  |9 471831 
245 1 0 |a Antropología trascendental 
300 |a v 
942 |c BK 
945 |d 20021018 00:00:00  |a cmena 
260 |a Pamplona  |b Eunsa  |c 1999 
500 |a v.1: La persona humana 
650 0 |a Antropología filosófica  |9 265842 
650 0 |a Naturaleza humana   |9 308593 
650 0 |a Libertad  |9 255686 
650 0 |a Desarrollo Personal  |9 390751 
583 |a last modification  |c 20171010 04:33:00  |k Rodrigo Vera 
490 0 |a Colección Filosófica, 114 
999 |c 301586  |d 301584 
952 |0 0  |1 0  |4 0  |6 128_000000000000000_POL_1999  |7 0  |8 A  |9 360758  |a BIBEDU  |b BIBEDU  |d 2019-11-21  |h v.1  |i 3845842  |o 128 POL 1999  |p 3845842  |r 2019-11-21  |w 2019-11-21  |y BK  |k FIL